000 00548nam a22001937a 4500
999 _c7976
_d7976
003 OSt
005 20220812104031.0
008 220812b ||||| |||| 00| 0 eng d
020 _a9781107476417
040 _cddc
082 _a620.1 AGA 2015
100 _aAgarwal, Shikha
_916199
245 _aEngineering Chemistry:
_bFundamentals and Applications.
260 _aDaryaganj:
_bCambridge university press;
_c2016.
300 _axx,1179p.:
_bill;
_c26cm
504 _aIndex included.
650 _aEngineering Chemistry.
_916200
942 _2ddc
_cBOOK